Statistics for Defunct College Football Teams (1930-present)

Click here to take the quiz!

General Stats

  • This quiz has been taken 59 times
  • The average score is 6 of 24

Answer Stats

Last YearCollege% Correct
2014 (will return in 2017)University of Alabama at Birmingham
82%
1971University of San Francisco
33%
1997Boston University
31%
1986Wichita State University
31%
2007La Salle University
28%
1960Marquette University
28%
1941Providence College
28%
1949Saint Louis University
28%
1974University of Vermont
28%
1942Creighton University
26%
1941Gonzaga University
26%
1938DePaul University
23%
1933Loyola University of Maryland
23%
1964University of Detroit
23%
1949University of Portland
23%
1973Xavier University
23%
1973Drexel University
21%
1966George Washington University
21%
1939Saint Joseph's University
21%
1981Seton Hall University
21%
1960Denver University
18%
1941American University
10%
1952New York University
8%
1955University of Arkansas at Little Rock
8%

Score Distribution

Percentile by Number Answered

Percent of People with Each Score

Your Score History

You have not taken this quiz